Grouting and Deep Mixing 2012 (Record no. 532042)
[ view plain ]
| 000 -LEADER | |
|---|---|
| fixed length control field | 00384nam a22001697a 4500 |
| 003 - CONTROL NUMBER IDENTIFIER | |
| control field | NUST |
| 005 - DATE AND TIME OF LATEST TRANSACTION | |
| control field | 20191107095940.0 |
| 008 - FIXED-LENGTH DATA ELEMENTS--GENERAL INFORMATION | |
| fixed length control field | 191107b ||||| |||| 00| 0 eng d |
| 038 ## - RECORD CONTENT LICENSOR | |
| Staff Name | MSOHAIL |
| 082 ## - DEWEY DECIMAL CLASSIFICATION NUMBER | |
| Classification number | 0 |
| 100 ## - MAIN ENTRY--PERSONAL NAME | |
| Personal name | ASCE |
| 9 (RLIN) | 13229 |
| 245 ## - TITLE STATEMENT | |
| Title | Grouting and Deep Mixing 2012 |
| Remainder of title | Vol-1 |
| 250 ## - EDITION STATEMENT | |
| Edition statement | Vol - 1 |
| 260 ## - PUBLICATION, DISTRIBUTION, ETC. | |
| Place of publication, distribution, etc. | USA |
| Name of publisher, distributor, etc. | ASCE |
| Date of publication, distribution, etc. | c2012 |
| 300 ## - PHYSICAL DESCRIPTION | |
| Extent | p;1072 |
| 942 ## - ADDED ENTRY ELEMENTS (KOHA) | |
| Source of classification or shelving scheme | |
| Koha item type | Book |
| Withdrawn status | Lost status | Source of classification or shelving scheme | Damaged status | Not for loan | Permanent Location | Current Location | Date acquired | Total Checkouts | Barcode | Date last seen | Price effective from | Koha item type |
|---|---|---|---|---|---|---|---|---|---|---|---|---|
| School of Civil and Environmental Engineering (SCEE) | School of Civil and Environmental Engineering (SCEE) | 11/07/2019 | NIT-11949 | 11/07/2019 | 11/07/2019 | Book |
